000 00509nam a22001817a 4500
005 20251108172302.0
008 250721s9999 xx 000 0 ara d
082 1 4 _a613.954/سام
100 1 _aمحمود، سامي
245 1 0 _aإرشادات صحية للأم الحامل /
264 1 _aالاسكندرية :
_bالمركز العربي للنشر،
_c[19-].
300 _a62ص
650 1 7 _aالمرأة
650 1 7 _aالصحة
650 1 7 _aالحمل
942 _2ddc
_cBK
999 _c75152
_d75152